000 00893nam a22002297a 4500
003 BUBTL
008 200722b xxu||||| |||| 00| 0 eng d
020 _a984-300-000975-5
082 _a336.24095492/ Sh621b/ 2021
100 _aShil, Nikhil Chandra
_93290
245 _aBangladesh Income Tax: Theory and Practice /
_bNikhil Chandra Shil, Mohammad Zakaria Masud, Mohammad Faridul Alam
250 _a14th Edn.
260 _aDhaka:
_bAms Publications & Shams Publications,
_cc2021
300 _a704p. :
_c24 cm.
505 _aBangladesh Income Tax, Theory and Practice. Income Tax, Nikhil Chandra Shil, Mohammad Zakaria Masud, Mohammad Faridul Alam
650 _aAccounting
_93291
700 _a Masud, Mohammad Zakaria
_94478
700 _aAlam, Mohammad Faridul
_94479
856 _k0
_l0
_yDownload
942 _2ddc
_cBK
999 _c6627
_d6627